Computer networking and the internet / (Record no. 1246)

MARC details
000 -LEADER
fixed length control field 00692nam a2200217 a 4500
003 - CONTROL NUMBER IDENTIFIER
control field BD-DhJNU
005 - DATE AND TIME OF LATEST TRANSACTION
control field 20250205060059.0
008 - FIXED-LENGTH DATA ELEMENTS--GENERAL INFORMATION
fixed length control field 120530s2009 a g b000 u eng u
020 ## - INTERNATIONAL STANDARD BOOK NUMBER
International Standard Book Number 9788177584752
Terms of availability RS585.00
040 ## - CATALOGING SOURCE
Original cataloging agency BD-DhJNU
Language of cataloging ENG
Transcribing agency BD-DhJNU
Modifying agency BD-DhJNU
082 14 - DEWEY DECIMAL CLASSIFICATION NUMBER
Classification number 004.6 HAC
Edition number 23
100 1# - MAIN ENTRY--PERSONAL NAME
Personal name Halsall, Fred
245 10 - TITLE STATEMENT
Title Computer networking and the internet /
Statement of responsibility, etc. Fred Halsall and Lingana Gouda Kulkarni
250 ## - EDITION STATEMENT
Edition statement 5th ed.
260 ## - PUBLICATION, DISTRIBUTION, ETC.
Place of publication, distribution, etc. Delhi :
Name of publisher, distributor, etc. Pearson Education Asia,
Date of publication, distribution, etc. 2009.
300 ## - PHYSICAL DESCRIPTION
Extent xxv, 678 p. :
Other physical details ills. ;
Dimensions 22 cm .
504 ## - BIBLIOGRAPHY, ETC. NOTE
Bibliography, etc. note includes index and bibliographical references
650 #0 - SUBJECT ADDED ENTRY--TOPICAL TERM
Topical term or geographic name entry element Computer networking
700 1# - ADDED ENTRY--PERSONAL NAME
Personal name Kulkarni, Lingana Gouda
942 ## - ADDED ENTRY ELEMENTS (KOHA)
Koha item type Books
Holdings
Withdrawn status Lost status Source of classification or shelving scheme Damaged status Not for loan Collection Home library Current library Shelving location Date acquired Source of acquisition Total checkouts Full call number Barcode Date last seen Copy number Price effective from Koha item type
    Dewey Decimal Classification     Non-fiction Jagannath University Central Library Jagannath University Central Library General stacks 02/05/2025 Purchased   004.6 HAC JNUCL25328 02/05/2025 1 02/05/2025 Books